| 000 | 00671nam a2200193 a 4500 | ||
|---|---|---|---|
| 001 | 000019123 | ||
| 005 | 20240422104515.0 | ||
| 008 | 100526s1985 dr 000 0 spa d | ||
| 040 |
_aDO-SdBNP _bspa _cBNPHU |
||
| 082 |
_axxx _bB142d |
||
| 100 | 1 |
_aBaeza Flores, Alberto, _d1914-1998 _97565 |
|
| 245 | 1 | 0 |
_aDos proyecciones de lo dominicano : _btiempo y destino en la generación poética dominicana y nuestra américa en la temática lirica de Cándido Gerón. |
| 260 |
_aSanto Domingo : _bEditorial Santo Domingo, _c1985. |
||
| 300 |
_a46 p. ; _c22 cm. |
||
| 490 | 1 | _aOrfeo | |
| 500 | _aIncluye notas al pie de las páginas | ||
| 830 | 0 |
_aOrfeo _918812 |
|
| 049 | _aBNPD | ||
| 999 |
_c18641 _d18641 |
||